| 000 | 00666nam a2200229Ia 4500 | ||
|---|---|---|---|
| 003 | OSt | ||
| 005 | 20221005121822.0 | ||
| 006 | a|||||r|||| 00| 0 | ||
| 007 | ta | ||
| 008 | 221004b |||||||| |||| 00| 0 eng d | ||
| 024 | _a59914 | ||
| 037 | _cTextual | ||
| 040 |
_aCRL _cCRL _beng |
||
| 041 |
_2eng _aeng |
||
| 082 | _aV2:28:N5, K7 | ||
| 110 |
_aIndia, Cabinet Secretariat, Cabinet Affairs (Department of-) _9631174 |
||
| 245 | 0 | _aImprovement of administrative efficiency | |
| 260 | _c1967 | ||
| 700 |
_aIndia, Cabinet Secretariat, Cabinet Affairs (Department of-) _9631175 |
||
| 942 |
_hV2:28:N5, K7 _cTEXL _2cc |
||
| 999 |
_c1042356 _d1042356 |
||